Movies Quiz

Random Movies Quiz

AFI's Top 100 (1998) Quiz Stats

Quiz not verified by Sporcle

Also try: Opening Scenes
Challenge
Share
Tweet
Embed
Score 0/100 Timer 15:00
0 Plays Today
Rank Movie % Correct
1.Citizen Kane
94.6%
2.Casablanca
91%
6.The Wizard of Oz
78.4%
3.The Godfather
78.1%
4.Gone with the Wind
77%
14.Some Like it Hot
68%
9.Schindler's List
67.6%
11.It's a Wonderful Life
67.6%
7.The Graduate
66.9%
8.On the Waterfront
66.5%
10.Singin' in the Rain
66.2%
78.Rocky
65.8%
18.Psycho
65.5%
71.Forrest Gump
64.7%
5.Lawrence of Arabia
64.4%
47.Taxi Driver
63.7%
19.Chinatown
62.6%
20.One Flew Over the Cuckoo's Nest
62.6%
48.Jaws
59%
72.Ben-Hur
59%
65.The Silence of the Lambs
58.6%
46.A Clockwork Orange
57.9%
83.Platoon
57.9%
75.Dances with Wolves
57.6%
59.Rebel Without a Cause
57.2%
55.The Sound of Music
56.8%
31.Annie Hall
55%
70.The French Connection
55%
24.Raging Bull
54.3%
28.Apocalypse Now
53.6%
16.All About Eve
53.2%
34.To Kill a Mockingbird
52.9%
95.Pulp Fiction
52.9%
41.West Side Story
52.5%
Rank Movie % Correct
45.A Streetcar Named Desire
51.8%
84.Fargo
51.8%
61.Vertigo
51.4%
26.Dr. Strangelove
51.1%
40.North by Northwest
51.1%
50.Butch Cassidy and the Sundance Kid
51.1%
85.Duck Soup
50.7%
89.Patton
50.4%
98.Unforgiven
50.4%
53.Amadeus
50%
60.Raiders of the Lost Ark
50%
43.King Kong
49.3%
17.The African Queen
48.9%
27.Bonnie and Clyde
48.9%
35.It Happened One Night
48.9%
62.Tootsie
48.2%
79.The Deer Hunter
48.2%
42.Rear Window
47.8%
96.The Searchers
47.8%
88.Easy Rider
47.1%
29.Mr. Smith Goes to Washington
46.8%
32.The Godfather Part II
46.4%
94.Goodfellas
46.4%
36.Midnight Cowboy
46%
33.High Noon
45.3%
81.Modern Times
45.3%
12.Sunset Blvd.
45%
76.City Lights
45%
21.The Grapes of Wrath
43.5%
56.MASH
42.8%
93.The Apartment
42.8%
51.The Philadelphia Story
41.7%
66.Network
40.6%
74.The Gold Rush
40.6%
Rank Movie % Correct
64.Close Encounters of the Third Kind
40.3%
82.Giant
39.2%
13.The Bridge on the River Kwai
38.5%
77.American Graffiti
38.5%
97.Bringing Up Baby
38.1%
91.My Fair Lady
37.8%
38.Double Indemnity
37.4%
69.Shane
37.1%
52.From Here to Eternity
36.3%
90.The Jazz Singer
36%
30.The Treasure of the Sierra Madre
35.6%
99.Guess Who's Coming to Dinner
34.9%
100.Yankee Doodle Dandy
34.5%
44.The Birth of a Nation
34.2%
39.Doctor Zhivago
33.1%
22.2001: A Space Odyssey
31.7%
63.Stagecoach
31.3%
80.The Wild Bunch
29.9%
37.The Best Years of Our Lives
29.1%
68.An American in Paris
28.8%
15.Star Wars Episode IV: A New Hope
28.4%
49.Snow White and the Seven Dwarfs
27%
57.The Third Man
27%
25.E.T. the Extra-Terrestrial
25.5%
67.The Manchurian Candidate
25.2%
54.All Quiet on the Western Front
23.7%
86.Mutiny on the Bounty
21.6%
87.Frankenstein
21.2%
73.Wuthering Heights
19.8%
92.A Place in the Sun
17.6%
58.Fantasia
17.3%
23.The Maltese Flacon
7.6%

You're not logged in!

Compare scores with friends on all Sporcle quizzes.
Sign Up with Email
OR
Log In

You Might Also Like...

Show Comments

Extras

Top Quizzes Today


Score Distribution

Your Account Isn't Verified!

In order to create a playlist on Sporcle, you need to verify the email address you used during registration. Go to your Sporcle Settings to finish the process.

Report this User

Report this user for behavior that violates our Community Guidelines.

Details: